[Event "Quebec op"]
[Site "Montreal CAN"]
[Date "2006.07.07"]
[Round "1"]
[White "Bekteshi, Muhamet"]
[Black "Fareh, Youness"]
[Result "1-0"]
[WhiteElo "2023"]
[BlackElo "2200"]
[PlyCount "83"]
[EventDate "2006.07.08"]
[EventType "swiss"]
[EventRounds "9"]
[EventCountry "CAN"]

1. d4 Nf6 2. Nf3 g6 3. c4 Bg7 4. Nc3 d6 5. e4 e5 6. dxe5 Ng4 7. Bg5 Qd7 8. exd6
cxd6 9. h3 Ne5 10. Be2 O-O 11. O-O Nbc6 12. Nxe5 Bxe5 13. Bg4 Qe8 14. Bh6 Bxg4
15. hxg4 Qe7 16. Bxf8 Qh4 17. g3 Bxg3 18. Kg2 Qh2+ 19. Kf3 Ne5+ 20. Ke2 Rxf8
21. Qd4 Qg2 22. Qe3 Bh2 23. Nd5 f6 24. b3 Kg7 25. Rh1 g5 26. Rae1 Re8 27. Kd2
Nf3+ 28. Kc2 Nxe1+ 29. Rxe1 Qxg4 30. Qxa7 Rxe4 31. Qxb7+ Kh6 32. Rxe4 Qxe4+ 33.
Kb2 Be5+ 34. Ka3 Qd4 35. Qf7 Qc5+ 36. b4 Qxc4 37. Qf8+ Kh5 38. Qf7+ Kh6 39.
Qf8+ Kh5 40. Qf7+ Kg4 41. Nxf6+ Bxf6 42. Qxc4+ 1-0

[Event "Quebec op"]
[Site "Montreal CAN"]
[Date "2006.07.07"]
[Round "1"]
[White "Cloutier, Mathieu"]
[Black "Chabot, Roland"]
[Result "0-1"]
[WhiteElo "2059"]
[BlackElo "2287"]
[PlyCount "68"]
[EventDate "2006.07.08"]
[EventType "swiss"]
[EventRounds "9"]
[EventCountry "CAN"]

1. e4 c5 2. Nf3 e6 3. d4 cxd4 4. Nxd4 Nf6 5. Nc3 d6 6. g4 h6 7. g5 hxg5 8. Bxg5
Nc6 9. Qd2 a6 10. O-O-O Bd7 11. Bg2 Be7 12. f4 Qc7 13. h4 O-O-O 14. Bf3 Be8 15.
h5 Kb8 16. Bh4 Rc8 17. Bf2 Na5 18. Nde2 b5 19. Qd4 Nd7 20. e5 d5 21. Qd3 Nc5
22. Bxc5 Bxc5 23. Nd4 Nc6 24. Nxc6+ Bxc6 25. Kb1 b4 26. Ne2 Bb5 27. Qd2 a5 28.
Rh2 Be3 29. Qe1 Qxc2+ 30. Ka1 Bxf4 31. Nxf4 Qxh2 32. Qe3 Bc6 33. Qb6+ Bb7 34.
Nxd5 Rhd8 0-1

[Event "Quebec op"]
[Site "Montreal CAN"]
[Date "2006.07.07"]
[Round "1"]
[White "Fillion, Steve"]
[Black "Voskanyan, Vahagn"]
[Result "0-1"]
[WhiteElo "2092"]
[BlackElo "2346"]
[PlyCount "70"]
[EventDate "2006.07.08"]
[EventType "swiss"]
[EventRounds "9"]
[EventCountry "CAN"]

1. d4 Nf6 2. Nf3 d5 3. c4 c6 4. Nc3 g6 5. e3 Bg7 6. Be2 O-O 7. O-O Nbd7 8. cxd5
cxd5 9. Qb3 e6 10. Bd2 Ne8 11. a4 a6 12. a5 Nd6 13. Na4 Re8 14. Rfc1 Rb8 15.
Rc2 Ne4 16. Be1 Bf8 17. Rac1 Bd6 18. Qa2 Qe7 19. Qb3 Nef6 20. Bc3 Ne4 21. Be1
Rd8 22. Nd2 Nxd2 23. Bxd2 e5 24. Bf3 Nf6 25. Bc3 e4 26. Be2 Ng4 27. h3 Nxf2 28.
Kxf2 Qh4+ 29. Kf1 Bg3 30. Be1 Bxh3 31. Bxg3 Qxg3 32. Bd1 Rd6 33. Rf2 Bxg2+ 34.
Ke1 Rf6 35. Rcc2 Bh3 0-1

[Event "Quebec op"]
[Site "Montreal CAN"]
[Date "2006.07.07"]
[Round "1"]
[White "Gilman, Arkadiy"]
[Black "Dimev, Kiril"]
[Result "1/2-1/2"]
[WhiteElo "2191"]
[BlackElo "2014"]
[PlyCount "42"]
[EventDate "2006.07.08"]
[EventType "swiss"]
[EventRounds "9"]
[EventCountry "CAN"]

1. Nf3 Nf6 2. d4 d5 3. c4 e6 4. Nc3 Bb4 5. cxd5 exd5 6. Bg5 h6 7. Bxf6 Qxf6 8.
e3 O-O 9. Be2 c6 10. O-O Nd7 11. Rc1 h5 12. e4 dxe4 13. Nxe4 Qf4 14. Bd3 Nf6
15. Nxf6+ Qxf6 16. Ne5 g6 17. Nxg6 fxg6 18. Qb3+ Be6 19. Bc4 Bd6 20. Bxe6+ Kh8
21. d5 Rae8 1/2-1/2

[Event "Quebec op"]
[Site "Montreal CAN"]
[Date "2006.07.07"]
[Round "1"]
[White "Hajiyev, Elshad"]
[Black "Zafirov, Stephane"]
[Result "0-1"]
[WhiteElo "2007"]
[BlackElo "2148"]
[PlyCount "108"]
[EventDate "2006.07.08"]
[EventType "swiss"]
[EventRounds "9"]
[EventCountry "CAN"]

1. d4 Nf6 2. Nf3 g6 3. Bg5 Bg7 4. Nbd2 c5 5. c3 cxd4 6. cxd4 d5 7. e3 Nc6 8.
Bb5 Bd7 9. O-O O-O 10. h3 Re8 11. Rc1 a6 12. Ba4 Na5 13. Bf4 Bxa4 14. Qxa4 b5
15. Qb4 Nc4 16. Nxc4 dxc4 17. Bh2 Nd5 18. Qc5 Bf8 19. Qc6 Nb4 20. Qe4 Nxa2 21.
Ra1 Nb4 22. Ne5 Qd5 23. Qg4 Bg7 24. e4 Qxd4 25. Rad1 Qxb2 26. Rb1 Qc3 27. Nf3
Nd3 28. h4 Ne5 29. Bxe5 Bxe5 30. Rfc1 h5 31. Qh3 Qd3 32. Nxe5 Qxe4 33. Re1 Qf4
34. g3 Qf6 35. g4 Kh8 36. g5 Qf4 37. Qc3 Kg8 38. Re3 Qxh4 39. Rbe1 Qxg5+ 40.
Rg3 Qf6 41. Qe3 Qg7 42. Kg2 Rad8 43. Rh1 Rd6 44. Rxh5 Red8 45. Rf5 Rd3 46. Rxf7
Qxf7 47. Qb6 Rxg3+ 48. Kxg3 Rd6 49. Qb7 Qe6 50. f4 Kg7 51. Qg2 Qf5 52. Qb2 Qf6
53. Kg4 Re6 54. Qd4 g5 0-1

[Event "Quebec op"]
[Site "Montreal CAN"]
[Date "2006.07.07"]
[Round "1"]
[White "Jiang, Louie"]
[Black "Tessier, Olivier"]
[Result "1-0"]
[WhiteElo "1997"]
[BlackElo "2141"]
[PlyCount "53"]
[EventDate "2006.07.08"]
[EventType "swiss"]
[EventRounds "9"]
[EventCountry "CAN"]

1. e4 c5 2. Nf3 Nf6 3. Nc3 e6 4. d4 d5 5. exd5 exd5 6. Bg5 c4 7. g3 Bb4 8. Bg2
O-O 9. O-O Bxc3 10. bxc3 Bg4 11. Qd2 Nbd7 12. Ne5 Be6 13. f4 h6 14. Bh4 Bf5 15.
Bxd5 Nxe5 16. fxe5 Qxd5 17. exf6 Rae8 18. fxg7 Kxg7 19. Bg5 Re6 20. Bxh6+ Rxh6
21. Qg5+ Rg6 22. Qxf5 Qd6 23. Rf4 f6 24. Re1 Rf7 25. Rg4 Rxg4 26. Qxg4+ Kf8 27.
Qh5 1-0

[Event "Quebec op"]
[Site "Montreal CAN"]
[Date "2006.07.07"]
[Round "1"]
[White "Kleinplatz, Sam"]
[Black "Rozybakiyev, Rasul"]
[Result "1-0"]
[WhiteElo "2263"]
[BlackElo "2039"]
[PlyCount "113"]
[EventDate "2006.07.08"]
[EventType "swiss"]
[EventRounds "9"]
[EventCountry "CAN"]

1. d4 d5 2. c4 e6 3. Nf3 Nf6 4. Nc3 b6 5. Bg5 Be7 6. e3 Bb7 7. cxd5 Nxd5 8.
Bxe7 Qxe7 9. Bb5+ Bc6 10. Nxd5 exd5 11. Bxc6+ Nxc6 12. Qa4 Qb4+ 13. Qxb4 Nxb4
14. Kd2 c5 15. dxc5 bxc5 16. Rhc1 Rc8 17. a3 Na6 18. b4 Ke7 19. b5 Nb8 20. Ne5
Ke6 21. Nd3 Nd7 22. a4 Kd6 23. Ke2 g5 24. Ra2 Rhe8 25. Rac2 Rc7 26. h4 h6 27.
hxg5 hxg5 28. Rh1 Nb6 29. Rh6+ Re6 30. Rxe6+ fxe6 31. Nb2 a5 32. Rc1 Rh7 33. g3
g4 34. Rd1 Rh5 35. Ra1 Re5 36. Nd1 Re4 37. Nc3 Rc4 38. Kd3 Rb4 39. Ra2 Nc4 40.
Kc2 Ke5 41. Kd3 Kf5 42. Rc2 Nb2+ 43. Kd2 c4 44. Na2 Rb3 45. Nc1 Rb4 46. Na2 c3+
47. Nxc3 Nxa4 48. Nxa4 Rxa4 49. Rb2 Rc4 50. b6 Rc8 51. b7 Rb8 52. Kd3 Ke5 53.
Rb6 Kf6 54. Kd4 a4 55. Kc5 Ke7 56. Kc6 Kd8 57. Ra6 1-0

[Event "Quebec op"]
[Site "Montreal CAN"]
[Date "2006.07.07"]
[Round "1"]
[White "Malette, Martin"]
[Black "Morin, Louis"]
[Result "0-1"]
[WhiteElo "2004"]
[BlackElo "1888"]
[PlyCount "62"]
[EventDate "2006.07.08"]
[EventType "swiss"]
[EventRounds "9"]
[EventCountry "CAN"]

1. e4 e5 2. Nf3 d6 3. d4 Nf6 4. Nc3 Nbd7 5. Bg5 Be7 6. Bc4 c6 7. Qe2 b5 8. Bd3
a6 9. Nd1 h6 10. Bd2 Qc7 11. c3 O-O 12. a4 Bb7 13. Nh4 Rfe8 14. axb5 axb5 15.
Rxa8 Bxa8 16. O-O Bf8 17. Qf3 d5 18. Qf5 dxe4 19. Bxe4 Nxe4 20. Qxe4 c5 21. Qg4
Nf6 22. Qe2 exd4 23. Qxb5 Bc6 24. Qc4 Bd5 25. Qd3 Be4 26. Qh3 Qc8 27. Qxc8 Rxc8
28. g3 g5 29. Ng2 Bf3 30. b3 Ne4 31. Bc1 Bxd1 0-1

[Event "Quebec op"]
[Site "Montreal CAN"]
[Date "2006.07.07"]
[Round "1"]
[White "Nicula, Marius"]
[Black "Forget, Luc"]
[Result "1-0"]
[WhiteElo "2131"]
[BlackElo "1977"]
[PlyCount "115"]
[EventDate "2006.07.08"]
[EventType "swiss"]
[EventRounds "9"]
[EventCountry "CAN"]

1. Nf3 Nf6 2. g3 d5 3. Bg2 c6 4. b3 Bf5 5. Bb2 Nbd7 6. c4 e6 7. O-O Be7 8. d3
O-O 9. Nbd2 Qc7 10. Rc1 Rad8 11. Qc2 Rfe8 12. h3 Bf8 13. Nh4 Bg6 14. Kh2 Qb8
15. f4 dxc4 16. bxc4 Qc7 17. e4 Nh5 18. e5 Nc5 19. Nxg6 Nxg3 20. Kxg3 Rxd3+ 21.
Kh2 hxg6 22. Ne4 Red8 23. Rcd1 Rxd1 24. Rxd1 Rxd1 25. Qxd1 Nxe4 26. Bxe4 Qb6
27. Qd2 Bc5 28. Bc1 Bd4 29. Kg2 g5 30. fxg5 Bxe5 31. Ba3 Qc7 32. c5 Bh2 33. Qf2
Qe5 34. Bf3 Bf4 35. h4 Be3 36. Qe2 Qf4 37. Kh3 e5 38. Bg4 Bd4 39. Bf3 Qf5+ 40.
Kg2 f6 41. Bg4 Qf4 42. Be6+ Kf8 43. gxf6 gxf6 44. h5 e4 45. Qg4 Qf2+ 46. Kh3
Qf1+ 47. Qg2 Qxg2+ 48. Kxg2 Kg7 49. Bf5 Kh6 50. Bg6 f5 51. Bc1+ Kg7 52. Bxf5 b6
53. Bxe4 bxc5 54. Bxc6 c4 55. Kf3 Kh8 56. Ke4 Bf6 57. Be3 c3 58. Ba4 1-0

[Event "Quebec op"]
[Site "Montreal CAN"]
[Date "2006.07.07"]
[Round "1"]
[White "Riuz, Sebastien"]
[Black "Moiseenko, Alexander"]
[Result "0-1"]
[WhiteElo "2110"]
[BlackElo "2662"]
[PlyCount "80"]
[EventDate "2006.07.08"]
[EventType "swiss"]
[EventRounds "9"]
[EventCountry "CAN"]

1. e4 c5 2. Nf3 Nc6 3. d4 cxd4 4. Nxd4 Nf6 5. Nc3 e5 6. Ndb5 d6 7. Nd5 Nxd5 8.
exd5 Nb8 9. c4 Be7 10. Be2 O-O 11. O-O Nd7 12. a4 a6 13. Nc3 a5 14. Nb5 f5 15.
f4 Bf6 16. Qc2 Nc5 17. Ra3 Qe7 18. fxe5 Bxe5 19. Bf4 Bd7 20. Bxe5 Qxe5 21. Raf3
Bxb5 22. axb5 g6 23. Qc3 Rfe8 24. Bd1 Qxc3 25. Rxc3 Re5 26. Ra3 Ree8 27. Bf3 b6
28. g4 f4 29. g5 Re5 30. b4 Rxg5+ 31. Kf2 Nb7 32. c5 dxc5 33. d6 Rb8 34. Bxb7
Rxb7 35. Rd1 cxb4 36. Rf3 Rd7 37. Rxf4 Rxb5 38. Re4 b3 39. Re7 Rxe7 40. dxe7
Kf7 0-1

[Event "Quebec op"]
[Site "Montreal CAN"]
[Date "2006.07.07"]
[Round "1"]
[White "Robichaud, Louis"]
[Black "Laframboise, Marc-Andre"]
[Result "0-1"]
[WhiteElo "2081"]
[BlackElo "2304"]
[PlyCount "64"]
[EventDate "2006.07.08"]
[EventType "swiss"]
[EventRounds "9"]
[EventCountry "CAN"]

1. e4 c5 2. Nc3 Nc6 3. g3 g6 4. Bg2 Bg7 5. d3 d6 6. f4 e6 7. Nf3 Nge7 8. O-O
O-O 9. Be3 Nd4 10. e5 Nef5 11. Bf2 Rb8 12. Ne4 Nxf3+ 13. Bxf3 dxe5 14. fxe5
Bxe5 15. Bxc5 Bd4+ 16. Bxd4 Qxd4+ 17. Rf2 Qxb2 18. c3 Qb6 19. d4 Qd8 20. Qd2
Nd6 21. Nc5 b6 22. Rb1 Qc7 23. Qf4 Ne8 24. Qxc7 Nxc7 25. c4 Rd8 26. Nb3 Ba6 27.
Rc1 Bb7 28. c5 Bxf3 29. Rxf3 Nd5 30. c6 Rbc8 31. Nd2 Rd6 32. Ra3 a5 0-1

[Event "Quebec op"]
[Site "Montreal CAN"]
[Date "2006.07.07"]
[Round "1"]
[White "Sullivan, Neil"]
[Black "Forget, David"]
[Result "1-0"]
[WhiteElo "2125"]
[BlackElo "1929"]
[PlyCount "61"]
[EventDate "2006.07.08"]
[EventType "swiss"]
[EventRounds "9"]
[EventCountry "CAN"]

1. e4 e6 2. d3 d5 3. Nd2 c5 4. g3 Nc6 5. Bg2 dxe4 6. dxe4 b6 7. Ngf3 Ba6 8. c3
Qd7 9. Qa4 Na5 10. Qxd7+ Kxd7 11. Ne5+ Ke7 12. b4 Nb7 13. a4 Nd8 14. a5 Bb7 15.
axb6 axb6 16. Rxa8 Bxa8 17. bxc5 bxc5 18. Ba3 Ke8 19. Bf1 Bd6 20. Bb5+ Ke7 21.
Nec4 Nb7 22. e5 Bb8 23. Nb6 Bxe5 24. Nxa8 Bxc3 25. Ba6 Na5 26. Bxc5+ Kf6 27.
Be3 Ne7 28. Nb6 Nb3 29. Bc4 Na5 30. Ke2 Nf5 31. Ne4+ 1-0

[Event "Quebec op"]
[Site "Montreal CAN"]
[Date "2006.07.07"]
[Round "1"]
[White "Trinh, Tri Bao"]
[Black "Luksza, Arkadiusz"]
[Result "0-1"]
[WhiteElo "2011"]
[BlackElo "2181"]
[PlyCount "64"]
[EventDate "2006.07.08"]
[EventType "swiss"]
[EventRounds "9"]
[EventCountry "CAN"]

1. e4 e6 2. Nf3 d5 3. Nc3 Nf6 4. e5 Nfd7 5. d4 c5 6. dxc5 Bxc5 7. Bd3 Nc6 8.
Bf4 a6 9. O-O b5 10. Re1 Bb7 11. h4 h6 12. Qd2 Bb4 13. a3 Be7 14. g3 Rc8 15.
Ne2 Nc5 16. Ned4 Nxd3 17. Qxd3 Nxd4 18. Nxd4 Bc5 19. c3 Qe7 20. Be3 O-O 21. f4
Qd7 22. Kh2 f6 23. exf6 Rxf6 24. Bg1 Re8 25. Re2 Bc8 26. Nf3 e5 27. Bxc5 e4 28.
Qd4 Qh3+ 29. Kg1 Rg6 30. Nh2 Rxg3+ 31. Kh1 Bg4 32. Qxd5+ Kh8 0-1

[Event "Quebec op"]
[Site "Montreal CAN"]
[Date "2006.07.07"]
[Round "1"]
[White "Wilkin, Alain"]
[Black "Anastasovski, Nikola"]
[Result "0-1"]
[WhiteElo "1958"]
[BlackElo "2128"]
[PlyCount "101"]
[EventDate "2006.07.08"]
[EventType "swiss"]
[EventRounds "9"]
[EventCountry "CAN"]

1. Nf3 c5 2. e4 Nc6 3. d3 e5 4. Nc3 g6 5. g3 Bg7 6. Bg2 Nge7 7. O-O d6 8. Nd2
Be6 9. Nc4 Nd4 10. Ne3 Qd7 11. Ncd5 O-O 12. Nxe7+ Qxe7 13. c3 Nc6 14. f4 exf4
15. gxf4 f5 16. exf5 Bxf5 17. Nxf5 Rxf5 18. Be4 Rh5 19. Qf3 Qd7 20. Qg2 Rf8 21.
Bd2 Rh4 22. Bf3 Ne7 23. Be1 Rhxf4 24. Bg3 R4f5 25. Bxb7 d5 26. Rxf5 Rxf5 27.
Ba6 Rf6 28. Bb5 Qxb5 29. Bh4 Re6 30. Bxe7 Rxe7 31. Qxd5+ Kh8 32. Rf1 Qd7 33.
Qa8+ Re8 34. Qf3 h5 35. Qg3 Qe6 36. Qf3 Qe3+ 37. Qxe3 Rxe3 38. Rd1 Re2 39. Rb1
Rd2 40. b4 Bxc3 41. bxc5 Bd4+ 42. Kf1 Bxc5 43. Rb8+ Kg7 44. Ke1 Rxa2 45. Rc8
Bb6 46. h4 Rh2 47. Rc4 Kf6 48. Kd1 Rg2 49. Kc1 Rg4 50. Rc6+ Kf5 51. Rc8 0-1

[Event "Quebec op"]
[Site "Montreal CAN"]
[Date "2006.07.08"]
[Round "2"]
[White "Forget, David"]
[Black "Robichaud, Louis"]
[Result "0-1"]
[WhiteElo "1929"]
[BlackElo "2081"]
[PlyCount "78"]
[EventDate "2006.07.08"]
[EventType "swiss"]
[EventRounds "9"]
[EventCountry "CAN"]

1. d4 Nf6 2. c4 g6 3. Nc3 Bg7 4. e4 d6 5. Nf3 O-O 6. Be2 e5 7. O-O Nc6 8. d5
Ne7 9. Bg5 h6 10. Bd2 Nh5 11. Ne1 Nf4 12. Nd3 Nxd3 13. Bxd3 f5 14. b4 fxe4 15.
Bxe4 Nf5 16. c5 a6 17. a4 g5 18. cxd6 Qxd6 19. b5 Nd4 20. Ne2 Bf5 21. Bxf5 Rxf5
22. Nc3 axb5 23. axb5 Rxa1 24. Qxa1 Nb3 25. Qb1 Nd4 26. Be3 Rf8 27. Qd3 Qb4 28.
Rb1 Qxc3 29. Qg6 Qc2 30. Qxc2 Nxc2 31. Rc1 Nxe3 32. fxe3 Rf7 33. e4 Bf8 34. g3
b6 35. Kg2 Bc5 36. Ra1 g4 37. h4 Rf2+ 38. Kh1 Rb2 39. h5 Rxb5 0-1

[Event "Quebec op"]
[Site "Montreal CAN"]
[Date "2006.07.08"]
[Round "2"]
[White "Forget, Luc"]
[Black "Fillion, Steve"]
[Result "1/2-1/2"]
[WhiteElo "1977"]
[BlackElo "2092"]
[PlyCount "48"]
[EventDate "2006.07.08"]
[EventType "swiss"]
[EventRounds "9"]
[EventCountry "CAN"]

1. d4 Nf6 2. Nf3 e6 3. c4 d5 4. g3 Be7 5. Bg2 O-O 6. O-O c6 7. Qc2 Nbd7 8. Rd1
b6 9. b3 Bb7 10. Nc3 Rc8 11. e4 Bb4 12. e5 Ne8 13. Ne2 Be7 14. Bb2 Nc7 15. h4
c5 16. Rac1 b5 17. cxb5 Nxb5 18. Qd2 c4 19. Nh2 Na3 20. Ng4 Ba6 21. Nf4 Bb7 22.
Nh5 Kh8 23. Ne3 Qb6 24. Nf4 cxb3 1/2-1/2

[Event "Quebec op"]
[Site "Montreal CAN"]
[Date "2006.07.08"]
[Round "2"]
[White "Kunte, Abhijit"]
[Black "Poirier, Erik"]
[Result "1/2-1/2"]
[WhiteElo "2535"]
[BlackElo "2146"]
[PlyCount "78"]
[EventDate "2006.07.08"]
[EventType "swiss"]
[EventRounds "9"]
[EventCountry "CAN"]

1. e4 c5 2. Nf3 Nc6 3. d4 cxd4 4. Nxd4 Nf6 5. Nc3 e5 6. Ndb5 d6 7. Bg5 a6 8.
Na3 b5 9. Bxf6 gxf6 10. Nd5 Bg7 11. c3 f5 12. exf5 Bxf5 13. Nc2 Be6 14. g3 O-O
15. Bg2 a5 16. O-O Rb8 17. Qe2 f5 18. f4 e4 19. Nce3 b4 20. Rad1 bxc3 21. bxc3
Ne7 22. g4 Nxd5 23. Nxd5 fxg4 24. Bxe4 Kh8 25. Kh1 Qd7 26. Bg2 Bf5 27. Qd2 Rbe8
28. Rfe1 Rxe1+ 29. Qxe1 Re8 30. Qd2 Be4 31. Re1 Qf5 32. Kg1 Re6 33. c4 Bxd5 34.
Bxd5 Rxe1+ 35. Qxe1 Bd4+ 36. Kg2 Qxf4 37. Qf1 Qxf1+ 38. Kxf1 Kg7 39. a4 Kf6
1/2-1/2

[Event "Quebec op"]
[Site "Montreal CAN"]
[Date "2006.07.08"]
[Round "2"]
[White "Laframboise, Marc-Andre"]
[Black "Saint Amand, Paul"]
[Result "1-0"]
[WhiteElo "2304"]
[BlackElo "2040"]
[PlyCount "69"]
[EventDate "2006.07.08"]
[EventType "swiss"]
[EventRounds "9"]
[EventCountry "CAN"]

1. d4 Nf6 2. c4 e5 3. dxe5 Ng4 4. Bf4 Bb4+ 5. Nc3 Bxc3+ 6. bxc3 Nc6 7. Qd5 Qe7
8. Nf3 f6 9. exf6 Nxf6 10. Qd3 d6 11. g3 O-O 12. Bg2 Bd7 13. c5 Ne5 14. Nxe5
dxe5 15. Be3 Rad8 16. c6 Be6 17. Qb5 Ng4 18. Bc5 Qf7 19. O-O bxc6 20. Bxc6 Bc4
21. Qb2 Qh5 22. h4 Rb8 23. Qc2 Rf6 24. Be4 Nh6 25. Rab1 Re8 26. f3 Nf7 27. Qa4
Nd6 28. Bxd6 Bxe2 29. Rf2 Rxd6 30. Rxe2 Red8 31. Qc4+ Kh8 32. Qxc7 g5 33. Rb7
R8d7 34. Qxd7 Rxd7 35. Rxd7 1-0

[Event "Quebec op"]
[Site "Montreal CAN"]
[Date "2006.07.08"]
[Round "2"]
[White "Libersan, Thierry"]
[Black "Khassanov, Marat"]
[Result "1-0"]
[WhiteElo "2121"]
[BlackElo "2318"]
[PlyCount "103"]
[EventDate "2006.07.08"]
[EventType "swiss"]
[EventRounds "9"]
[EventCountry "CAN"]

1. e4 c5 2. Nf3 d6 3. d4 cxd4 4. Nxd4 Nf6 5. Nc3 Nc6 6. Be2 e5 7. Nb3 Be7 8.
Be3 O-O 9. g4 a5 10. a4 Nb4 11. g5 Ne8 12. h4 Be6 13. Nd5 Rc8 14. c3 Nxd5 15.
exd5 Bf5 16. Bd3 e4 17. Nd4 g6 18. Be2 Bd7 19. Qd2 f5 20. Bb5 Ng7 21. Ne2 Nh5
22. Nf4 Nxf4 23. Bxf4 Bxb5 24. axb5 Qb6 25. h5 Kf7 26. hxg6+ hxg6 27. Rh7+ Ke8
28. Qe2 Kd7 29. Be3 Qc7 30. b6 Qc4 31. Qxc4 Rxc4 32. Rxa5 Rcc8 33. Ra7 Rb8 34.
Rg7 Ke8 35. Rxg6 Kf7 36. Rh6 Rg8 37. Rh7+ Rg7 38. Rxg7+ Kxg7 39. Kd2 Kg6 40. c4
Bxg5 41. Bxg5 Kxg5 42. Ke3 Kf6 43. Kd4 Rh8 44. Rxb7 Rh3 45. c5 e3 46. fxe3 Rh4+
47. Kc3 dxc5 48. Rc7 Re4 49. Rc6+ Kf7 50. b7 Rb4 51. Rc7+ Kf6 52. d6 1-0

[Event "Quebec op"]
[Site "Montreal CAN"]
[Date "2006.07.08"]
[Round "2"]
[White "Luksza, Arkadiusz"]
[Black "Jiang, Louie"]
[Result "1-0"]
[WhiteElo "2181"]
[BlackElo "1997"]
[PlyCount "73"]
[EventDate "2006.07.08"]
[EventType "swiss"]
[EventRounds "9"]
[EventCountry "CAN"]

1. d4 d5 2. Nf3 Nf6 3. c4 e6 4. Nc3 Nbd7 5. g3 c6 6. Bg2 dxc4 7. O-O Bb4 8. Qc2
O-O 9. Rd1 Qa5 10. Bd2 Nd5 11. Ng5 N5f6 12. Nge4 Nxe4 13. Nxe4 Bxd2 14. Nxd2
Nb6 15. Nxc4 Nxc4 16. Qxc4 Bd7 17. e4 Rac8 18. Qc5 Qb6 19. a4 Rfd8 20. a5 Qxc5
21. dxc5 e5 22. a6 bxa6 23. Rxa6 Be6 24. Rd6 Rxd6 25. cxd6 g5 26. f4 gxf4 27.
gxf4 f6 28. Kf2 Rb8 29. f5 Rxb2+ 30. Kg3 Bf7 31. Rxc6 Rd2 32. Bf1 Bb3 33. Bb5
Kf7 34. Rc7+ Kf8 35. Rc8+ Kf7 36. d7 Ke7 37. Re8+ 1-0

[Event "Quebec op"]
[Site "Montreal CAN"]
[Date "2006.07.08"]
[Round "2"]
[White "Malette, Martin"]
[Black "Ruiz, Sebastian"]
[Result "1-0"]
[WhiteElo "2004"]
[BlackElo "2118"]
[PlyCount "109"]
[EventDate "2006.07.08"]
[EventType "swiss"]
[EventRounds "9"]
[EventCountry "CAN"]

1. e4 c5 2. Nf3 Nc6 3. Nc3 Nf6 4. e5 Ng4 5. Qe2 Qc7 6. d4 cxd4 7. Nb5 Qb8 8.
Bf4 f6 9. Bg3 Ngxe5 10. O-O-O d6 11. Nfxd4 a6 12. Nxc6 bxc6 13. Bxe5 fxe5 14.
Nc3 g6 15. Qf3 Bh6+ 16. Kb1 d5 17. Nxd5 cxd5 18. Qxd5 Bb7 19. Qd7+ Kf8 20. Qe6
Qe8 21. Bc4 Bg7 22. Rd3 Bf6 23. Rhd1 Bc8 24. Qb6 Bg4 25. f3 Kg7 26. fxg4 e4 27.
Rd7 Rb8 28. Rb7 Rxb7 29. Qxb7 Qb8 30. Qxb8 Rxb8 31. Bb3 e3 32. c3 Be5 33. g3
Rf8 34. Re1 Bd6 35. Bc4 Bc5 36. Bxa6 Rf2 37. Re2 Kf6 38. Kc2 Kg5 39. Rxf2 exf2
40. Be2 f1=Q 41. Bxf1 Kxg4 42. Be2+ Kh3 43. b4 Ba7 44. a4 Kxh2 45. g4 Kg3 46.
a5 Kf4 47. b5 Bg1 48. Kd3 Ke5 49. Kc4 Kd6 50. b6 Bxb6 51. axb6 Kc6 52. b7 Kxb7
53. Kd5 Kc7 54. Ke6 Kd8 55. g5 1-0

[Event "Quebec op"]
[Site "Montreal CAN"]
[Date "2006.07.08"]
[Round "2"]
[White "Masse, Hugues"]
[Black "Hajiyev, Elshad"]
[Result "0-1"]
[WhiteElo "2270"]
[BlackElo "2007"]
[PlyCount "128"]
[EventDate "2006.07.08"]
[EventType "swiss"]
[EventRounds "9"]
[EventCountry "CAN"]

1. e4 c5 2. c3 Nf6 3. e5 Nd5 4. Nf3 Nc6 5. Bc4 e6 6. O-O Nc7 7. Qe2 d5 8. exd6
Bxd6 9. d4 cxd4 10. cxd4 O-O 11. Nc3 Nd5 12. Bd3 Ncb4 13. Bb1 f5 14. a3 Nxc3
15. bxc3 Nd5 16. Bd2 Nf4 17. Qe3 Bd7 18. Ne5 Bxe5 19. Qxe5 Ng6 20. Qe2 Kh8 21.
Bd3 Qf6 22. Rfe1 Rae8 23. f4 Qh4 24. Qf2 Qd8 25. c4 Bc6 26. a4 Nh4 27. Bf1 Be4
28. Ra3 Qf6 29. g4 Ng6 30. g5 Qe7 31. Rb3 Qd7 32. Ra1 Ne7 33. Bb4 Ng6 34. Bxf8
Rxf8 35. Bg2 Nh4 36. Bxe4 fxe4 37. Kh1 Nf3 38. Qe3 Qc6 39. c5 Qd5 40. Rb4 a5
41. Rb2 h6 42. g6 Rf5 43. c6 Qxc6 44. Rc1 Qe8 45. Qxe4 Nh4 46. Rxb7 Nxg6 47.
Re1 Rxf4 48. Qe2 Rxd4 49. Qb5 Qa8 50. Kg1 Rb4 51. Qxb4 axb4 52. Rxb4 Qa5 53.
Ree4 e5 54. Rb5 Qa7+ 55. Kf1 Qf7+ 56. Ke1 Qf3 57. Re2 e4 58. Rb8+ Kh7 59. Re8
Ne5 60. Kd2 Qd3+ 61. Ke1 e3 62. Kf1 Qd1+ 63. Re1 Qf3+ 64. Kg1 Qf2+ 0-1

[Event "Quebec op"]
[Site "Montreal CAN"]
[Date "2006.07.08"]
[Round "2"]
[White "Moiseenko, Alexander"]
[Black "Nicula, Marius"]
[Result "1-0"]
[WhiteElo "2562"]
[BlackElo "2131"]
[PlyCount "57"]
[EventDate "2006.07.08"]
[EventType "swiss"]
[EventRounds "9"]
[EventCountry "CAN"]

1. d4 c5 2. d5 Nf6 3. Nc3 e5 4. e4 d6 5. Be2 h5 6. f4 a6 7. fxe5 dxe5 8. a4 Bd6
9. Nf3 Bg4 10. Nd2 Nbd7 11. Nc4 Qc7 12. O-O O-O-O 13. a5 Rdf8 14. Ra3 Bxe2 15.
Qxe2 Ne8 16. Na4 g6 17. Be3 f5 18. Ncb6+ Nxb6 19. axb6 Qe7 20. Nxc5 Kb8 21.
Nxa6+ bxa6 22. Rxa6 fxe4 23. Rfa1 Qb7 24. Ra8+ Qxa8 25. Rxa8+ Kxa8 26. Qa6+ Kb8
27. Qa7+ Kc8 28. b7+ Kd8 29. Bb6+ 1-0

[Event "Quebec op"]
[Site "Montreal CAN"]
[Date "2006.07.08"]
[Round "2"]
[White "Morin, Louis"]
[Black "Kleinplatz, Sam"]
[Result "1/2-1/2"]
[WhiteElo "1888"]
[BlackElo "2263"]
[PlyCount "48"]
[EventDate "2006.07.08"]
[EventType "swiss"]
[EventRounds "9"]
[EventCountry "CAN"]

1. e4 d5 2. exd5 Nf6 3. c4 e6 4. dxe6 Bxe6 5. Be2 Bc5 6. Nf3 Nc6 7. O-O Qd7 8.
b3 Nd4 9. Bb2 O-O-O 10. Nxd4 Bxd4 11. Bxd4 Qxd4 12. Nc3 Qxd2 13. Qxd2 Rxd2 14.
Rfd1 Rhd8 15. Kf1 Rc2 16. Rxd8+ Kxd8 17. Nd1 Rd2 18. Ke1 Rd6 19. Nc3 c6 20. Rd1
Ke7 21. Rxd6 Kxd6 22. Kd2 Kc5 23. a3 Kd4 24. Bd3 Ke5 1/2-1/2

[Event "Quebec op"]
[Site "Montreal CAN"]
[Date "2006.07.08"]
[Round "2"]
[White "Picard, Jean"]
[Black "Wilkin, Alain"]
[Result "1-0"]
[WhiteElo "2088"]
[BlackElo "1958"]
[PlyCount "103"]
[EventDate "2006.07.08"]
[EventType "swiss"]
[EventRounds "9"]
[EventCountry "CAN"]

1. e4 c5 2. d4 e6 3. c3 a6 4. Nf3 cxd4 5. cxd4 Nf6 6. Nc3 d6 7. Bd3 Be7 8. Qe2
Nc6 9. h3 h6 10. Be3 e5 11. Rd1 Qa5 12. O-O O-O 13. d5 Nb8 14. Nd2 Nbd7 15. Nc4
Qd8 16. b4 Ne8 17. a4 Bg5 18. a5 Bxe3 19. Qxe3 Ndf6 20. f4 exf4 21. Qxf4 Nh5
22. Qf2 Qg5 23. Kh2 g6 24. g4 Nhg7 25. Qf4 Qxf4+ 26. Rxf4 Rb8 27. Nb6 g5 28.
Rf2 h5 29. Kg3 h4+ 30. Kg2 f6 31. Rc1 Rf7 32. Nca4 Bd7 33. Nxd7 Rxd7 34. Nb6
Re7 35. Rfc2 Kf7 36. Kf3 Kf8 37. b5 axb5 38. Bxb5 Kf7 39. Rc8 Rxc8 40. Rxc8 Rc7
41. Rb8 Rc3+ 42. Kg2 Rc2+ 43. Kf1 Rc1+ 44. Ke2 Rc7 45. Kd3 Kf8 46. Bd7 Ke7 47.
Bc8 f5 48. exf5 Nf6 49. Rxb7 Rxb7 50. Bxb7 Kd8 51. a6 Kc7 52. a7 1-0